00393cam a2200157ua 4500001000400000008003900004040000900043082001100052245005500063250001000118260002800128300002200156653002300178653001600201700001800217327110329n ii |||gr||||Z||||||eng cMAIN a320.0111aPrinciples of political science.cBy A. C. Kapoor. a11th. aDelhi.:bS. Chand.,969. axiv, 714 p.:6 cm. aPolitical science. aPrinciples. aKapoor, A.C.,